Normal view
MARC view
Entry Personal Name
001 - CONTROL NUMBER
- control field: 30632
003 - CONTROL NUMBER IDENTIFIER
- control field: OSt
005 - DATE AND TIME OF LATEST TRANSACTION
- control field: 20230915143109.0
008 - FIXED-LENGTH DATA ELEMENTS
- fixed length control field: 230915|| aca||aabn | a|a d
040 ## - CATALOGING SOURCE
- Original cataloging agency: OSt
- Transcribing agency: OSt
100 ## - HEADING--PERSONAL NAME
- Personal name: မိုးကုတ်ဆရာတော်ဘုရားကြီး
- Titles and other words associated with a name: အဂ္ဂမဟာပဏ္ဍိတ
670 ## - SOURCE DATA FOUND
- Source citation: Work cat.: (OSt): မိုးကုတ်ဆရာတော်ဘုရားကြီး အဂ္ဂမဟာပဏ္ဍိတ, ဒါနခန်း တရားတော် /, ၁၉၆၁။